000 00413nam a2200157Ia 4500
999 _c7560
_d7560
003 GBCCL
005 20241126110631.0
008 180823b ||||| |||| 00| 0 eng d
040 _cgbc
082 _aVER 495
_bHAN
100 _aHangshing, Thathang
_913356
245 _aUnion territory sixth schedule autonomy leh zoumite
260 _c2002.
_aLamka:
_bL.Khuokhanthang,
300 _a139p. ;
942 _2ddc
_cBK
_01